All fall down: (Record no. 116181)

MARC details
000 -LEADER
campo de control de longitud fija 03228 a2200277 4500
003 - IDENTIFICADOR DE NÚMERO DE CONTROL
campo de control BJBSDDR
005 - FECHA Y HORA DE LA ÚLTIMA TRANSACCIÓN
campo de control 20230411090754.0
007 - CAMPO FIJO DE DESCRIPCIÓN FÍSICA--INFORMACIÓN GENERAL
campo de control de longitud fija ta
008 - DATOS DE LONGITUD FIJA--INFORMACIÓN GENERAL
campo de control de longitud fija 220421s2019 us ||||| |||| 00| 0 eng d
020 ## - NÚMERO INTERNACIONAL ESTÁNDAR DEL LIBRO
Número Internacional Estándar del Libro 9781789907759
040 ## - FUENTE DE CATALOGACIÓN
Lengua de catalogación spa
Centro/agencia transcriptor BJBSDDR
041 ## - CÓDIGO DE IDIOMA
Código de lengua del texto/banda sonora o título independiente spa
050 14 - SIGNATURA TOPOGRÁFICA DE LA BIBLIOTECA DEL CONGRESO
Número de clasificación HG 181
Número de ítem A714a 2019
082 00 - NÚMERO DE LA CLASIFICACIÓN DECIMAL DEWEY
Número de clasificación 332.0973
100 1# - ENTRADA PRINCIPAL--NOMBRE DE PERSONA
Nombre de persona D' Arista, Jane
245 10 - MENCIÓN DEL TÍTULO
Título All fall down:
Resto del título debt, deregulation and financial crises /
Mención de responsabilidad, etc. Jane D'Arista
260 ## - PUBLICACIÓN, DISTRIBUCIÓN, ETC.
Lugar de publicación, distribución, etc. Estados Unidos:
Nombre del editor, distribuidor, etc. Cheltenham ; Northampton :Edward Elgar Publishing,
Fecha de publicación, distribución, etc. 2019
300 ## - DESCRIPCIÓN FÍSICA
Extensión XVII, 240 p.;
Dimensiones 24 cm
505 ## - NOTA DE CONTENIDO CON FORMATO
Nota de contenido con formato Front Matter; Copyright; Contents; Tables; Foreword; Acknowledgments; Abbreviations; 1. Introduction and summary; PART I The unraveling of the 1930s-era framework; 2. The euro market erodes US financial structure; 3. Commercial paper guarantees and the emergence of a parallel banking system; 4. ERISA moves savings into securities markets; PART IIDeregulation and financial innovation create the context for crisis; 5. An overview of financiar estructuring and its consequences; 6. Securitization; 7. Weaving the web of interconnectedness; 8. Opaque markets and opaque balance sheets 9. Growing concentration leads to "too big to fail"10. Regulating the post-crisis system; 11. Mending the financial safety net for savers; PART III The advent of globalization; 12. Dollar hegemony; 13. Foreign exchange reserves; 14. An overview of developments in global financial markets in the 1990s; PART IV Building toward crisis in the global economy; 15. Concerns and warnings; 16. Crises in the periphery of the global system; 17. Liquidity expansion in the period before the crisis; PART V Debt and the collapse of monetary control 18. The failure to halt the emergence and growth of the debt bubble19. Rising imbalances in credit flows; 20. Mounting risks of the continuing debt bubble in the new millennium; 21. How eroding monetary tools facilitated debt creation; 22. Monetary tools: what they are and how they function; 23. The inability of capital requirements to prevent or moderate financial crises; 24. How crisis reshaped the monetary toolkit; PART VI An agenda for monetary reform; 25. Introducing a systemic approach; 26. Creating a system-wide asset-based reserve system 27. Implementing policy under the current and proposed systems28. Implications of the proposed system for the conduct of policy; PART VII Reforming the privatized international monetary system; 29. Can special drawing rights replace the dollar and other national currencies as a reserve asset?; 30. Restructuring flows of private international investment into emerging and developing economies; 31. Reforming the international payments system; PART VIII Conclusion; 32. Building toward crisis in the global economy-again; Bibliography; Index
520 ## - RESUMEN, ETC.
Sumario, etc. All Fall Down traces the ways in which changes in financial structure and regulation eroded monetary control and led to historically high levels of debt relative to GDP in both developed and emerging economies.
650 #4 - PUNTO DE ACCESO ADICIONAL DE MATERIA--TÉRMINO DE MATERIA
Término de materia o nombre geográfico como elemento de entrada Finanzas
9 (RLIN) 157
Subdivisión geográfica Estados Unidos
650 #4 - PUNTO DE ACCESO ADICIONAL DE MATERIA--TÉRMINO DE MATERIA
Término de materia o nombre geográfico como elemento de entrada Politica monetaria
9 (RLIN) 136
Subdivisión geográfica Estados Unidos
650 #4 - PUNTO DE ACCESO ADICIONAL DE MATERIA--TÉRMINO DE MATERIA
Término de materia o nombre geográfico como elemento de entrada Crisis financiera
9 (RLIN) 88
Subdivisión geográfica Estados Unidos
942 ## - ELEMENTOS DE ENTRADA SECUNDARIOS (KOHA)
Fuente del sistema de clasificación o colocación Clasificación de Library of Congress
Tipo de ítem Koha Libro
946 ## - PROCESAMIENTO DE INFORMACIÓN LOCAL (OCLC)
Iniciales del agente catalogador rmza
Holdings
Estatus retirado Estado de pérdida Estado de daño No para préstamo Colección Biblioteca de origen Biblioteca actual Ubicación en estantería Fecha de adquisición Signatura topográfica completa Código de barras Visto por última vez Copia número Tipo de ítem Koha
        Ciencias Sociales Biblioteca Juan Bosch Biblioteca Juan Bosch Ciencias Sociales (3er. Piso) 21/04/2022 HG 181 A714a 2019 00000164831 21/04/2022 1 Libro